000
00297nam a22001337a 4500
008
170829b xxu||||| |||| 00| 0 eng d
020
_a
x000c1ljrv
041
_a
eng
080
_a
070
100
_a
39
101
_a
MED
245
_a
THE ONLINE JOURNALISM HANDBOOK
_c
BRADSHAW,P
942
_2
udc
_c
BK
999
_c
25292
_d
25292